[Event "CZE-chT1W 1415"]
[Site "Czech Republic"]
[Date "2014.11.11"]
[Round "2.6"]
[White "Krejcik, Jiri"]
[Black "Znamenacek, Kvetoslav"]
[Result "1-0"]
[WhiteElo "2189"]
[BlackElo "2289"]
[PlyCount "119"]
[EventDate "2014.10.19"]
[EventType "team-tourn"]
[EventRounds "11"]
[EventCountry "CZE"]
[SourceTitle "EXT 2015"]
[Source "ChessBase"]
[SourceDate "2014.11.20"]
[SourceVersion "1"]
[SourceVersionDate "2014.11.20"]
[SourceQuality "1"]
[WhiteTeam "Karlovy Vary"]
[BlackTeam "Praha Bohemians"]
[WhiteTeamCountry "CZE"]
[BlackTeamCountry "CZE"]

1. e4 c6 2. d4 d5 3. Nc3 dxe4 4. Nxe4 Nf6 5. Nxf6+ exf6 6. Nf3 Bd6 7. Be2 0-0 8. 0-0 Qc7 9. c4 Rd8 10. Be3 Nd7 11. Rc1 Nf8 12. Qc2 Be6 13. Rfd1 Rac8 14. Qa4 a6 15. c5 Be7 16. Nd2 f5 17. g3 Ng6 18. f4 Re8 19. Bc4 Bf6 20. Bf2 Rcd8 21. Bxe6 Rxe6 22. Nc4 Be7 23. Qc2 Rf6 24. Be1 Re8 25. Bc3 Nf8 26. Re1 g6 27. b4 Re6 28. Rxe6 fxe6 29. a4 Qd8 30. Rd1 Qd5 31. Nb6 Qf3 32. Rd3 Qe4 33. Qd1 Bd8 34. Nc4 Qd5 35. Ne3 Qd7 36. Qb3 Qf7 37. Nc4 Bc7 38. b5 axb5 39. axb5 Rb8 40. b6 Bd8 41. Qa4 Be7 42. Bb2 Nd7 43. Qb4 Nf6 44. Ra3 Nd5 45. Qe1 Bf6 46. Ra7 Qd7 47. Qa1 Kg7 48. Qa4 Kh6 49. Kf2 Kg7 50. Ra8 Rxa8 51. Qxa8 Kh6 52. Qf8+ Bg7 53. Qb8 Nb4 54. Qd6 Qxd6 55. Nxd6 Nd3+ 56. Ke3 Nxb2 57. Nxb7 Bf8 58. Na5 g5 59. b7 gxf4+ 60. gxf4 1-0

[Event "Prague Pankrac Cup"]
[Site "Prague"]
[Date "2014.10.21"]
[Round "6"]
[White "Kovar, Vojtech"]
[Black "Znamenacek, Kvetoslav"]
[Result "0-1"]
[WhiteElo "2238"]
[BlackElo "2289"]
[PlyCount "116"]
[EventDate "2014.09.16"]
[EventType "swiss"]
[EventRounds "8"]
[EventCountry "CZE"]
[SourceTitle "EXT 2015"]
[Source "ChessBase"]
[SourceDate "2014.11.20"]
[SourceVersion "1"]
[SourceVersionDate "2014.11.20"]
[SourceQuality "1"]

1. e4 c5 2. Nf3 Nc6 3. d4 cxd4 4. Nxd4 g6 5. Nc3 Bg7 6. Be3 Nf6 7. Bc4 0-0 8. Bb3 a5 9. 0-0 a4 10. Nxa4 Nxe4 11. Nb5 Ra6 12. Qe2 Nf6 13. c4 d6 14. Rad1 Na5 15. Bc2 Be6 16. b3 Nc6 17. Bb1 Qb8 18. Nac3 Ng4 19. Bf4 Nge5 20. Nd5 Rc8 21. h3 Bf8 22. Kh1 Nd7 23. Rfe1 Nce5 24. Bg5 Bxd5 25. Rxd5 Nc6 26. Bf4 Nd8 27. Rdd1 Ne6 28. Bh2 Rac6 29. Nc3 Rc5 30. Nd5 b5 31. cxb5 Qxb5 32. Bd3 Qb7 33. Bc4 Re8 34. Qg4 Ng7 35. f4 e6 36. Ne3 d5 37. Bd3 Nf6 38. Qh4 Be7 39. Qh6 d4 40. f5 dxe3 41. fxg6 hxg6 42. Qxe3 Ra5 43. Bb1 Nf5 44. Qe2 Nh5 45. Qg4 Nf6 46. Qe2 Rd8 47. Rxd8+ Bxd8 48. Qd2 Rd5 49. Qb2 Qb4 50. Rc1 Be7 51. Be5 Ne4 52. a3 Neg3+ 53. Kh2 Qh4 54. Rc8+ Rd8 55. Qc3 Nf1+ 56. Kg1 N1e3 57. Kh2 Qf2 58. Be4 Nf1+ 0-1

[Event "Prague Pankrac Cup"]
[Site "Prague"]
[Date "2014.10.14"]
[Round "5"]
[White "Znamenacek, Kvetoslav"]
[Black "Vetrovsky, Michal"]
[Result "0-1"]
[WhiteElo "2289"]
[BlackElo "2227"]
[PlyCount "80"]
[EventDate "2014.09.16"]
[EventType "swiss"]
[EventRounds "8"]
[EventCountry "CZE"]
[SourceTitle "EXT 2015"]
[Source "ChessBase"]
[SourceDate "2014.11.20"]
[SourceVersion "1"]
[SourceVersionDate "2014.11.20"]
[SourceQuality "1"]

1. Nf3 d5 2. c4 c6 3. e3 Nf6 4. Nc3 e6 5. b3 Be7 6. Bb2 0-0 7. Be2 Nbd7 8. 0-0 b6 9. Rc1 Bb7 10. Qc2 Rc8 11. Qb1 Re8 12. Rfd1 e5 13. Qf5 Bd6 14. cxd5 cxd5 15. Nb5 Bb8 16. d4 e4 17. Ne5 a6 18. Na3 Re6 19. f4 exf3 20. Bxf3 Rxc1 21. Rxc1 Qe8 22. Nxd7 Qxd7 23. Rc3 Qe7 24. Nc2 Ne4 25. Bxe4 Rxe4 26. Ba3 Qe8 27. g3 h6 28. Kg2 Re6 29. Qd3 Rf6 30. h3 Qe6 31. g4 h5 32. Ne1 hxg4 33. h4 Rh6 34. Kg1 Rxh4 35. Ng2 Bh2+ 36. Kf1 Qf6+ 37. Ke1 Bg3+ 38. Kd1 Rh1+ 39. Kc2 Qf2+ 40. Qd2 Qf1 0-1

[Event "Prague Pankrac Cup"]
[Site "Prague"]
[Date "2014.09.16"]
[Round "1"]
[White "Znamenacek, Kvetoslav"]
[Black "Rydl, Jiri"]
[Result "1/2-1/2"]
[WhiteElo "2289"]
[BlackElo "2203"]
[PlyCount "66"]
[EventDate "2014.09.16"]
[EventType "swiss"]
[EventRounds "8"]
[EventCountry "CZE"]
[SourceTitle "EXT 2015"]
[Source "ChessBase"]
[SourceDate "2014.11.20"]
[SourceVersion "1"]
[SourceVersionDate "2014.11.20"]
[SourceQuality "1"]

1. Nf3 Nf6 2. c4 e6 3. g3 a6 4. Bg2 b5 5. b3 Bb7 6. 0-0 c5 7. Nc3 b4 8. Na4 Be7 9. Bb2 Bc6 10. Ne5 Bxg2 11. Kxg2 d6 12. Nd3 Nc6 13. f3 0-0 14. Qc2 Qc7 15. e3 Qb7 16. Nf2 Rac8 17. Rac1 Rfd8 18. d4 cxd4 19. exd4 d5 20. c5 Nd7 21. Rfe1 Bf6 22. Rcd1 h5 23. f4 g6 24. h3 Bg7 25. Qe2 Nf6 26. Qf3 Ne7 27. g4 a5 28. Kg1 Qc7 29. Re2 Nc6 30. Kg2 Re8 31. Rd3 Rcd8 32. Rd1 Qb8 33. Rd3 Qc7 1/2-1/2

[Event "CZE-chT1W 1314"]
[Site "Czech Republic"]
[Date "2014.03.16"]
[Round "9.5"]
[White "Znamenacek, Kvetoslav"]
[Black "Neckar, Lubomir"]
[Result "1/2-1/2"]
[WhiteElo "2302"]
[BlackElo "2360"]
[PlyCount "24"]
[EventDate "2013.10.20"]
[EventType "team-tourn"]
[EventRounds "11"]
[EventCountry "CZE"]
[SourceTitle "EXT 2015"]
[Source "ChessBase"]
[SourceDate "2014.11.20"]
[SourceVersion "1"]
[SourceVersionDate "2014.11.20"]
[SourceQuality "1"]
[WhiteTeam "Praha Bohemians"]
[BlackTeam "Lysa nad Labem II"]
[WhiteTeamCountry "CZE"]
[BlackTeamCountry "CZE"]

1. Nf3 d5 2. c4 e6 3. b3 Nf6 4. Bb2 Be7 5. g3 0-0 6. Bg2 c5 7. 0-0 Nc6 8. e3 d4 9. exd4 cxd4 10. Re1 Ne8 11. d3 f6 12. Ba3 e5 1/2-1/2

[Event "CZE-chT1W 1314"]
[Site "Czech Republic"]
[Date "2013.12.08"]
[Round "4.5"]
[White "Znamenacek, Kvetoslav"]
[Black "Klecker, Tadeas"]
[Result "1-0"]
[WhiteElo "2302"]
[BlackElo "2163"]
[PlyCount "115"]
[EventDate "2013.10.20"]
[EventType "team-tourn"]
[EventRounds "11"]
[EventCountry "CZE"]
[SourceTitle "CBM 157 Extra"]
[Source "ChessBase"]
[SourceDate "2013.12.19"]
[SourceVersion "1"]
[SourceVersionDate "2013.12.19"]
[SourceQuality "1"]
[WhiteTeam "Praha Bohemians"]
[BlackTeam "Praha Oaza"]
[WhiteTeamCountry "CZE"]
[BlackTeamCountry "CZE"]

1. g3 d6 2. Bg2 e5 3. c4 g6 4. d4 Bg7 5. dxe5 dxe5 6. Qxd8+ Kxd8 7. Nc3 c6 8. Nf3 f6 9. 0-0 Be6 10. Rd1+ Kc7 11. b3 Nd7 12. Ba3 Bf8 13. Bb2 Rd8 14. Rac1 Kb8 15. Ne4 Be7 16. a3 Nh6 17. b4 Nf7 18. c5 Ka8 19. h4 Nb8 20. Ne1 Rxd1 21. Rxd1 Rd8 22. Rxd8 Nxd8 23. Nd3 Nf7 24. f4 Nd7 25. Nd2 Kb8 26. Kf2 Kc7 27. Bf3 a5 28. e3 axb4 29. axb4 b6 30. cxb6+ Kxb6 31. Be2 c5 32. bxc5+ Nxc5 33. Nxc5 Bxc5 34. Nc4+ Bxc4 35. Bxc4 Nd6 36. Bg8 exf4 37. gxf4 h6 38. Kf3 Nf5 39. Bxf6 Bxe3 40. Bh7 Kc6 41. h5 Bd4 42. Bxd4 Nxd4+ 43. Ke4 Ne6 44. hxg6 Kd6 45. f5 Nf8 46. Kf4 Nd7 47. g7 Nf6 48. g8Q Nxg8 49. Bxg8 Ke7 50. Be6 Kf6 51. Kg4 Kg7 52. Kh5 Kh7 53. f6 Kh8 54. Bf5 Kg8 55. Bg6 Kh8 56. Kxh6 Kg8 57. f7+ Kf8 58. Bh5 1-0

[Event "CZE-chT 1213"]
[Site "Czech Republic"]
[Date "2013.03.23"]
[Round "7.7"]
[White "Znamenacek, Kvetoslav"]
[Black "Langner, Ladislav"]
[Result "1/2-1/2"]
[WhiteElo "2296"]
[BlackElo "2365"]
[PlyCount "58"]
[EventDate "2012.11.03"]
[EventType "team-tourn"]
[EventRounds "11"]
[EventCountry "CZE"]
[SourceTitle "EXT 2014"]
[Source "ChessBase"]
[SourceDate "2013.11.20"]
[SourceVersion "1"]
[SourceVersionDate "2013.11.20"]
[SourceQuality "1"]
[WhiteTeam "Praha Bohemians"]
[BlackTeam "Trinec"]
[WhiteTeamCountry "CZE"]
[BlackTeamCountry "CZE"]

1. Nf3 Nf6 2. c4 g6 3. g3 Bg7 4. Bg2 d5 5. 0-0 0-0 6. Na3 c5 7. cxd5 Nxd5 8. d4 Na6 9. dxc5 Nxc5 10. Ng5 e6 11. Nc4 b5 12. Ne3 Bb7 13. Nxd5 Bxd5 14. Bxd5 exd5 15. Nf3 d4 16. Bg5 Qd5 17. Be7 Rfe8 18. Bxc5 Qxc5 19. Rc1 Qd5 20. b3 Qe4 21. Re1 Rac8 22. Rxc8 Rxc8 23. Qd3 Qxd3 24. exd3 Kf8 25. Re2 Rc3 26. Ne1 Bf6 27. Kf1 Be7 28. Rc2 Ke8 29. Ke2 Kd7 1/2-1/2

[Event "CZE-chT2C 1213"]
[Site "Czech Republic"]
[Date "2013.02.03"]
[Round "8.1"]
[White "Vanek, Petr"]
[Black "Znamenacek, Kvetoslav"]
[Result "1/2-1/2"]
[WhiteElo "2219"]
[BlackElo "2296"]
[PlyCount "119"]
[EventDate "2012.10.14"]
[EventType "team-tourn"]
[EventRounds "11"]
[EventCountry "CZE"]
[SourceTitle "EXT 2015"]
[Source "ChessBase"]
[SourceDate "2014.11.20"]
[SourceVersion "1"]
[SourceVersionDate "2014.11.20"]
[SourceQuality "1"]
[WhiteTeam "Vysehrad II"]
[BlackTeam "Praha Bohemians II"]
[WhiteTeamCountry "CZE"]
[BlackTeamCountry "CZE"]

1. e4 c5 2. Nf3 Nc6 3. d4 cxd4 4. Nxd4 g6 5. c4 Nf6 6. Nc3 d6 7. Be2 Bg7 8. Be3 0-0 9. f3 a5 10. Ndb5 Nd7 11. 0-0 f5 12. Qd2 fxe4 13. Nxe4 Nf6 14. Rad1 Bf5 15. Nec3 Rc8 16. c5 dxc5 17. Bxc5 Qxd2 18. Rxd2 Bh6 19. f4 Be6 20. g3 Rfd8 21. Rxd8+ Rxd8 22. Nc7 Bf7 23. Rd1 Rxd1+ 24. Bxd1 Nd7 25. Be3 e5 26. N7d5 exf4 27. Bxf4 Bg7 28. Ba4 Bxd5 29. Nxd5 Bxb2 30. Bxc6 bxc6 31. Ne7+ Kf7 32. Nxc6 a4 33. Kf2 Ke6 34. Nb4 Bc3 35. Nc2 Kd5 36. Ke2 Ke4 37. Na3 Bb4 38. Nb5 Kd5 39. Be3 Kc4 40. Nc7 Bd6 41. Ne6 Nf6 42. Bd2 Ne4 43. Ng5 Nxg5 44. Bxg5 Kc3 45. Bd2+ Kc2 46. Ba5 Be5 47. Bb4 Bc3 48. Be7 Be5 49. Ke3 Kb2 50. Ke4 Bc3 51. Kd3 Bg7 52. g4 Be5 53. h3 Kxa2 54. Kc2 Bb2 55. Bb4 Ba3 56. Bd2 Bf8 57. Bc3 Ka3 58. Bd2 Bg7 59. Ba5 Be5 60. Bd2 1/2-1/2